02549nam a2200265 a 450000100100000000500170001000800410002704000250006808200160009324501850010925000120029426000500030630000270035650002170038350511410060059000260174170000330176770000350180070000320183570000360186795201290190395201140203295201200214699900170226600004852720201002061223.0190328s2015 dr a 000 j spa d aDO-SdBNPbspacBNPHU axxxxbN285t00aNaturaleza es transformación :bcuentos del concurso literario infantil - juvenil 2014 -2015 /cCamile Olivero, Domingo Guzmán, Lala Del Tejo e Ivanna Candeliere, ilustradores. a4ta ed. aSanto Domingo :bFundación Propagas,c2015. a94 p. :bil. ;c25 cm. aTres primeros lugares y una mención honorífica son los textos gandores de la 4ta edición del concurso de cuentos de la Fundación Propagas (Letra natural). Se incluyen las obras de las menciones recibidas.0 aPrimer lugar --tEl diario de Star --rVera Lucia Tolari Ramírez --tSegundo lugartEl desierto, la oruga y el bosque --rLarianna Pineda Cabrerattercer lugartOrión --rAlejandra Cairo ToribiotMención honorifica especial : Mariposa transparente --rMaría Isabel Santana SerulletMenciones honorificas --tLa gran historia de una pequeña rana --rCarlos Gabriel Tejeda HerasmetEn búsqueda de una mascota --rIsabel Cerda CácerestLa trasformación entre dos amigos --rManuel de Jesús Díaz de LeóntEl maco vaca del hermaso croar --rMario Oswaldo Camilo LizardotEn defensa de las mariposas --rMonserrate Ayala CabraltLa monarca perdida --rTatiana Isabella Jiménez BienentDe niña, descubrí a la rana y a la mariposa --rAlsy Virginia Vásquez YeretMi vida, en una aventura --rVictoria StepanyantVolar alto --tMaría Fernanda Santana PrincetUna misión de vida o muerte --tGénesis Franchesca Espinosa LaratCrístaly, por siempre --rVida María Maríñez BritotLas mariposas también viven --rLaura Marie Cepeda OrtegatLas aventuras de María, la oruga --rMiranda Sanz Domínguez aInventariado, 2019/LP1 aOlivero, Camile,eil.9759701 aGuzmán, Domingo,eil.9711281 aTejo, Lala Del,eil.9759711 aCandeliere, Ivanna,eil.975972 001054708DSaGRbGRcHDd2019-03-28iLF1l0oxxxx N285tp48527-30r2020-06-25te. 3w2020-06-25yLFDSZPréstamo en sala 0010718PDaPDbPDcHDd2019-03-28iLF1l0oxxxx N285tp48527-10r2020-06-25w2020-06-25yLFPDZNo se presta 0010718PDaPDbPDcHDd2019-03-28iLF1l0oxxxx N285tp48527-20r2020-06-25te. 2w2020-06-25yLFPDZNo se presta c48015d48015